|
|
|
|
| LEADER |
00000nkm a2200000 a 4500 |
| 001 |
vtls001462823 |
| 003 |
SK-MaSNL |
| 005 |
20260302002459.0 |
| 008 |
200701s2002 xo 0| slo |
| 015 |
|
|
|a SNBG2003/04-02380
|
| 035 |
|
|
|a SNK000418129
|
| 040 |
|
|
|a SNK
|b slo
|c SNK
|e AACR2
|
| 041 |
0 |
|
|a slo
|
| 044 |
|
|
|a xo
|c SK
|
| 072 |
|
7 |
|a 636
|2 konspekt
|
| 080 |
|
|
|a 636.8
|2 1981
|
| 080 |
|
|
|a (059)
|2 1981
|
| 080 |
|
|
|a 636.8(059)"2003"
|2 2. slo
|
| 245 |
1 |
|
|a Mačky 2003
|h grafika
|c photo: Don Ayres ... [et al.]
|
| 250 |
|
|
|a [1. vyd.]
|
| 260 |
|
|
|a [Banská Bystrica]
|b Spektrum Grafik
|c [2002]
|
| 300 |
|
|
|a [7] listov
|b fotogr.
|c 37x33 cm
|
| 500 |
|
|
|a Tlač obojstr.
|
| 650 |
0 |
7 |
|a mačky
|x nástenné kalendáre
|y 2003
|2 SNK
|9 639886
|
| 650 |
0 |
7 |
|a mačky
|y 2003
|x kalendáre nástenné
|2 SNK
|9 639887
|
| 650 |
0 |
7 |
|a kalendáre nástenné
|2 SNK
|9 29690
|
| 650 |
0 |
7 |
|a živočíšna výroba
|2 konspekt
|9 2836
|
| 655 |
|
7 |
|a nástenné kalendáre
|2 SNK
|9 70664
|
| 655 |
|
7 |
|a kalendáre
|2 SNK
|9 70450
|
| 700 |
1 |
|
|a Ayres, Don
|4 fot
|9 314415
|
| 700 |
1 |
|
|a Licensing, Kathy Scott
|4 fot
|9 637123
|
| 700 |
1 |
|
|a Peabody, Ray
|4 fot
|9 464275
|
| 700 |
1 |
|
|a Matthews, Nancy
|4 fot
|9 535913
|
| 958 |
|
|
|a GBN
|
| 999 |
|
|
|c 988209
|d 990139
|
| 952 |
|
|
|t P60, <03>, [BOOK], {603}
|a SNK
|b SNK
|y PREZ
|7 0
|p 17A0403332
|o snkOSA 679
|i snkKSP 14520/2003
|0 0
|1 0
|4 0
|d 2003-11-05
|l 0
|r 2005-01-02 00:00:00
|w 2026-02-24
|
| 952 |
|
|
|t P60, <04>, [BOOK], {604}
|a SNK
|b SNK
|y VYP
|7 0
|p 17A0403333
|o snkOSA 679 D1
|i snkKSP 14521/2003
|0 0
|1 0
|4 0
|d 2003-11-05
|l 0
|r 2005-01-02 00:00:00
|w 2026-02-24
|